Mor ve Ötesi Şarkıları - Armageddon - Statistics

General Stats
  • This quiz has been taken 96 times
  • The average score is 7 of 17
Answers on the Grid
Answers color-coded by a green-red scale on the quiz's grid according to % correct below.
Cambaz
Oyunbozan
Bir Kadın Çizeceksin
Işıkları Söndürseler Bile
Daha Mutlu Olamam
Cevapsız Sorular
Hint Kumaşı
Bir Derdim Var
Yaz Yaz Yaz
Kafile
Haydi Gel İçelim
Fener
Dünyaya Bedel
Köprüaltı
Araf
Küçük Sevgilim
Yürek
Kufi
Sevda Çiçeği
Aman Aman
Deli
Sultan-ı Yegâh
Re
Her Şeyi Yak
Senden Daha Güzel
Forsa
Uyan
Melekler Ölmez
Bitti Rüya
Dursun Zaman
Yad Eller
Şirket
Güneşi Beklerken
 
Answer Stats
Answer % Correct
Cambaz
94%
Oyunbozan
76%
Bir Derdim Var
62%
Daha Mutlu Olamam
54%
Sultan-ı Yegâh
43%
Yaz Yaz Yaz
41%
Küçük Sevgilim
40%
Araf
38%
Sevda Çiçeği
38%
Deli
35%
Re
33%
Uyan
33%
Güneşi Beklerken
32%
Forsa
29%
Dünyaya Bedel
27%
Melekler Ölmez
25%
Şirket
22%
No matching quizzes found
Score Distribution
Percent of People with Each Score
Percentile by Number Answered
Your Score History
You have not taken this quiz